Practical governance / (Record no. 747)

000 -LEADER
fixed length control field 01167nam a22003377a 4500
001 - CONTROL NUMBER
control field 12119181
003 - CONTROL NUMBER IDENTIFIER
control field OSt
005 - DATE AND TIME OF LATEST TRANSACTION
control field 20210422050835.0
008 - FIXED-LENGTH DATA ELEMENTS--GENERAL INFORMATION
fixed length control field 000726s2001 ilu 000 0 eng
010 ## - LIBRARY OF CONGRESS CONTROL NUMBER
LC control number 00061338
020 ## - INTERNATIONAL STANDARD BOOK NUMBER
International Standard Book Number 1567931472 (alk. paper)
040 ## - CATALOGING SOURCE
Original cataloging agency DLC
Transcribing agency DLC
Modifying agency DLC
042 ## - AUTHENTICATION CODE
Authentication code pcc
050 00 - LIBRARY OF CONGRESS CALL NUMBER
Classification number RA971
Item number .T954 2001
080 ## - UNIVERSAL DECIMAL CLASSIFICATION NUMBER
Universal Decimal Classification number 005
Item number T-99
082 00 - DEWEY DECIMAL CLASSIFICATION NUMBER
Classification number 362.1/068
Edition number 21
100 1# - MAIN ENTRY--PERSONAL NAME
Personal name Tyler, J. Larry.
245 10 - TITLE STATEMENT
Title Practical governance /
Statement of responsibility, etc. J. Larry Tyler and Errol Biggs, with Lynn Kahn.
260 ## - PUBLICATION, DISTRIBUTION, ETC.
Place of publication, distribution, etc. Chicago:
Name of publisher, distributor, etc. Health Administration Press,
Date of publication, distribution, etc. c2001.
300 ## - PHYSICAL DESCRIPTION
Extent xii, 198 p. ;
Dimensions 23 cm.
490 1# - SERIES STATEMENT
Series statement ACHE management series
650 #0 - SUBJECT ADDED ENTRY--TOPICAL TERM
Topical term or geographic name entry element Hospital trustees.
650 #0 - SUBJECT ADDED ENTRY--TOPICAL TERM
Topical term or geographic name entry element Health services administration.
653 ## - INDEX TERM--UNCONTROLLED
Uncontrolled term მენეჯმენტი
700 1# - ADDED ENTRY--PERSONAL NAME
Personal name Biggs, Errol.
700 ## - ADDED ENTRY--PERSONAL NAME
Personal name Titler,Lari.J
9 (RLIN) 572
830 #0 - SERIES ADDED ENTRY--UNIFORM TITLE
Uniform title Management series (Ann Arbor, Mich.)
906 ## - LOCAL DATA ELEMENT F, LDF (RLIN)
a 7
b cbc
c orignew
d 1
e ocip
f 20
g y-gencatlg
942 ## - ADDED ENTRY ELEMENTS (KOHA)
Source of classification or shelving scheme
Koha item type Books
Holdings
Withdrawn status Lost status Source of classification or shelving scheme Damaged status Not for loan Permanent location Current location Date acquired Inventory number Total Checkouts Full call number Barcode Date last seen Price effective from Koha item type
          Ken Walker International University Ken Walker International University 12/21/2020 2121   005 T-99 2121 12/21/2020 12/21/2020 Books

Powered by Koha